[Event "Waling Dijkstra GpA"]
[Site "Leeuwarden NED"]
[Date "2009.11.14"]
[Round "3"]
[White "Peng Zhaoqin"]
[Black "Georgiev,Vl"]
[Result "0-1"]
[WhiteElo "2408"]
[BlackElo "2582"]

1.d4 Nf6 2.c4 e6 3.Nc3 Bb4 4.Qc2 O-O 5.a3 Bxc3+ 6.Qxc3 d6 7.Nf3 Nbd7 8.g3 Qe7
9.Bg2 e5 10.O-O e4 11.Nh4 Re8 12.Nf5 Qe6 13.Bh3 Kh8 14.d5 Qe5 15.Qc2 Rf8
16.Be3 Qe8 17.Bd4 Ne5 18.f4 Neg4 19.Bxg4 Nxg4 20.Ne3 Nxe3 21.Bxe3 Bh3 22.Rf2 Bf5
23.Qc3 f6 24.Rg2 h5 25.h4 Qg6 26.Kf2 Rfc8 27.Qb4 b6 28.a4 Bd7 29.b3 Rab8
30.Ra2 a6 31.Rg1 Qf5 32.Qd2 Kh7 33.Qd4 Re8 34.Qc3 Re7 35.Rh1 Be8 36.Kg2 Kg8
37.Rf1 Kf7 38.Qd4 Bd7 39.Rh1 Rh8 40.a5 b5 41.c5 Rh6 42.Rc2 Rg6 43.Kf2 Rh6
44.b4 g5 45.cxd6 cxd6 46.Ke1 gxh4 47.Rxh4 Rg6 48.Kf2 Rg4 49.Rh2 Rg8 50.Rc1 Qg4
51.Rg1 Rc8 52.Rh4 Qg6 53.Rc1 Rxc1 54.Bxc1 e3+ 55.Bxe3 Bg4 56.Rh1 Qf5 57.Rc1 Kg6
58.Qd3 Re4 59.Qd2  0-1

[Event "TCh-FIN 2009-10"]
[Site "Finland FIN"]
[Date "2009.11.15"]
[Round "5"]
[White "Pihlajasalo,H"]
[Black "Raaste,E"]
[Result "1/2-1/2"]
[WhiteElo "2264"]
[BlackElo "2295"]

1.d4 Nf6 2.c4 e6 3.Nc3 Bb4 4.Qc2 O-O 5.a3 Bxc3+ 6.Qxc3 d5 7.Bg5 c6 8.e3 Nbd7
9.Nf3 Ne4 10.Bxd8 Nxc3 11.bxc3 Rxd8 12.cxd5 cxd5  1/2-1/2

[Event "2nd Dragon Capital"]
[Site "Ho Chi Minh City VIE"]
[Date "2009.12.04"]
[Round "3"]
[White "Tong Thai Hung"]
[Black "Vo Dai Hoai Duc"]
[Result "1-0"]
[WhiteElo "2176"]
[BlackElo "2175"]

1.d4 Nf6 2.c4 e6 3.Nc3 Bb4 4.Qc2 O-O 5.a3 Bxc3+ 6.Qxc3 d5 7.Bg5 h6 8.Bxf6 Qxf6
9.Nf3 c6 10.e3 Nd7 11.Rc1 Re8 12.Be2 dxc4 13.Bxc4 e5 14.dxe5 Nxe5 15.Nxe5 Rxe5
16.O-O Bh3 17.e4 Be6 18.Bxe6 Qxe6 19.f3 Kh7 20.Rfd1 Re8 21.Rd2 f5 22.exf5 Qxf5
23.Qc2 Qxc2 24.Rdxc2 Rd5 25.Kf2 c5 26.Re1 Red8 27.Re7 b5 28.Rce2 a5 29.Ra7 a4
30.Rb7 c4 31.Ree7 Rg5 32.g4 Rdd5 33.h4 Rg6 34.h5 Rgg5 35.Kg3 Rd3 36.Rb8  1-0

[Event "ch-IND National A"]
[Site "Mumbai IND"]
[Date "2009.12.12"]
[Round "11"]
[White "Sethuraman,S"]
[Black "Laxman,R"]
[Result "1-0"]
[WhiteElo "2447"]
[BlackElo "2511"]

1.d4 Nf6 2.c4 e6 3.Nc3 Bb4 4.Qc2 O-O 5.e4 d6 6.e5 Nfd7 7.Nf3 c5 8.exd6 cxd4
9.Nxd4 Bxd6 10.Bd3 h6 11.Be3 Nc6 12.O-O-O Nxd4 13.Bxd4 Qe7 14.Rhe1 Bc5 15.Nd5 Qd6
16.Bxc5 Qxc5 17.b4 Qd6 18.c5 Qxh2 19.Rh1 Qe5 20.f4 Qb8 21.Ne7+ Kh8 22.Qd2 Re8
23.f5 Rxe7 24.f6 Nxf6 25.Rxh6+ Kg8 26.Rdh1 Kf8 27.Rh8+ Ng8 28.Bh7  1-0

[Event "16th Open A"]
[Site "Zadar CRO"]
[Date "2009.12.14"]
[Round "2"]
[White "Delchev,A"]
[Black "Drasko,M"]
[Result "1/2-1/2"]
[WhiteElo "2635"]
[BlackElo "2527"]

1.d4 e6 2.c4 Nf6 3.Nc3 Bb4 4.Qc2 O-O 5.a3 Bxc3+ 6.Qxc3 b6 7.Bg5 c5 8.dxc5 bxc5
9.Nf3 Nc6 10.Nd2 Rb8 11.Rb1 d5 12.Qg3 dxc4  1/2-1/2

[Event "16th Open A"]
[Site "Zadar CRO"]
[Date "2009.12.16"]
[Round "6"]
[White "Saric,A"]
[Black "Brulic,D"]
[Result "1-0"]
[WhiteElo "2471"]
[BlackElo "2323"]

1.d4 Nf6 2.c4 e6 3.Nc3 Bb4 4.Qc2 O-O 5.Bg5 h6 6.Bh4 c5 7.e3 cxd4 8.exd4 Nc6
9.Rd1 Be7 10.Nf3 b6 11.a3 d5 12.Bd3 Ba6 13.Bxf6 Bxf6 14.cxd5 Bxd3 15.Rxd3 exd5
16.O-O Qd7 17.Ne5 Bxe5 18.dxe5 Nxe5 19.Rxd5 Qc7 20.Qf5 Ng6 21.Rd7 Qe5 22.Qf3 Qe6
23.Qd5 Qxd5 24.Rxd5 Rfd8 25.Rfd1 Rxd5 26.Rxd5 Re8 27.Kf1 Ne5 28.b3 f6 29.Nb5 Re7
30.Rd8+ Kf7 31.f4 Ng4 32.h3 Ne3+ 33.Kf2 h5 34.Nd6+ Kg6 35.Nc8 Re6 36.Nxa7 h4
37.Nb5 Nf5 38.Nd4 Re4 39.Ne2 Re3 40.Rd5 Re4 41.Rd3 b5 42.Kf3 Re8 43.Nc3 Rb8
44.b4 Rb7 45.Rd5 Rb6 46.Rc5 Rb7 47.Kf2 Nd6 48.Ke2 Re7+ 49.Kd3 Ra7 50.Rd5 Ra6
51.a4 bxa4 52.b5 Rb6 53.Nxa4 Rxb5 54.Rxd6 Rb4 55.Rd4 Rb1 56.Ke3 Rb3+ 57.Rd3 Rb4
58.Nc3 Rb2 59.Ne2 Ra2 60.Kf3 Kf5 61.Rb3 Ra4 62.Rd3 g5 63.Rb3 Ra5 64.Rb5+ Rxb5
65.Nd4+ Kg6 66.Nxb5 Kf5 67.Nd4+ Kg6 68.Kg4 f5+ 69.Nxf5 gxf4 70.Nxh4+ Kf6
71.Kxf4  1-0

[Event "9th Amplico Life Rapid"]
[Site "Warsaw POL"]
[Date "2009.12.19"]
[Round "4"]
[White "Maiorov,N1"]
[Black "Barwinski,D"]
[Result "1-0"]
[WhiteElo "2511"]
[BlackElo "2196"]

1.d4 Nf6 2.c4 e6 3.Nc3 Bb4 4.Qc2 O-O 5.a3 Bxc3+ 6.Qxc3 d6 7.Nf3 b6 8.g3 Bb7
9.Bg2 Nbd7 10.O-O Re8 11.b4 Be4 12.Bb2 Rc8 13.Rfd1 Qe7 14.Bf1 d5 15.c5 c6
16.Rac1 b5 17.Nd2 Nf8 18.a4 a6 19.Ra1 Bg6 20.f3 N8d7 21.axb5 axb5 22.Ra7 Qd8
23.Qa3 e5 24.Nb3 Bc2 25.Rc1 Bxb3 26.Qxb3 e4 27.Rca1 Nf8 28.Bc1 Ne6 29.Qc3 Re7
30.R7a6 Rec7 31.Bh3 Qe7 32.Be3 h6 33.Qd2 Re8 34.R1a3 exf3 35.exf3 Nh7 36.Bg4 Nf6
37.Bf5 Ng5 38.Kg2 g6 39.Bb1 Qe6 40.Bxg5 hxg5 41.Bd3 g4 42.Bxb5 gxf3+ 43.Rxf3 Rb8
44.Bf1 Qe4 45.b5 Ng4 46.b6 Re7 47.Ra3 Rbe8 48.h3 Nh6 49.Qxh6 Qc2+ 50.Rf2 Qb1
51.Raf3  1-0

[Event "9th Amplico Life Rapid"]
[Site "Warsaw POL"]
[Date "2009.12.20"]
[Round "9"]
[White "Sakalauskas,V"]
[Black "Macieja,B"]
[Result "1/2-1/2"]
[WhiteElo "2418"]
[BlackElo "2627"]

1.d4 Nf6 2.c4 e6 3.Nc3 Bb4 4.Qc2 O-O 5.Bg5 c5 6.dxc5 Na6 7.e3 Nxc5 8.Ne2 Nce4
9.Bxf6 Nxf6 10.a3 Be7 11.Nf4 b6 12.Bd3 Bb7 13.O-O Rc8 14.Rfd1 Qc7 15.Rac1 Rfd8
16.Ne4 Bxe4 17.Bxe4 Nxe4 18.Qxe4 d5 19.Qf3 dxc4 20.Ne2 Rxd1+ 21.Rxd1 Rd8
22.Nc3 Rxd1+ 23.Qxd1 Qc6 24.g3 b5 25.Qd4 a6 26.Qa7 Bd6 27.Na2 h5 28.h4 Bc5
29.Qb8+ Kh7 30.Qe5 Qd5 31.Qc7 Kg6 32.Nc3 Qd6 33.Qb7 f5 34.Qc8 Kf6 35.Ne2 e5
36.Nc3 e4 37.Qg8 Qd7 38.Nd5+ Ke5 39.Nf4 a5 40.Nxh5 Qd1+ 41.Kh2 Qxh5 42.Qxg7+ Ke6
43.Qc7 Bd6 44.Qc8+ Ke5 45.Qc6 Ke6 46.Qxb5 Qe2 47.Qe8+ Kd5 48.Qb5+ Ke6 49.Qe8+ Kf6
50.Kg2 Qf3+ 51.Kg1 Qd1+ 52.Kg2 Qf3+ 53.Kg1 Qd1+ 54.Kg2 Qd5 55.Qd8+ Kg7 56.Qd7+ Kh6
57.Qd8 Qe5 58.Qg5+ Kh7 59.Qh5+ Kg7 60.Qg5+ Kf7 61.Qh5+ Kg7 62.Qg5+ Kf7 63.Qh5+ Ke6
64.Qe8+ Kf6 65.Qh8+ Ke7 66.Qh7+ Kf8 67.Qh6+ Ke7 68.Qh7+ Kf6 69.Qh6+ Kf7 70.Qh7+ Ke8
71.Qg8+ Kd7 72.Qxc4 Qxb2 73.Qf7+ Kd8 74.Qxf5 Qxa3 75.h5 Qc5 76.Qf6+ Be7 77.Qh8+ Kd7
78.h6 Qh5 79.h7 Qf3+ 80.Kg1 Qd1+  1/2-1/2

[Event "Tata Steel TCh-Asia w"]
[Site "Kolkata IND"]
[Date "2009.12.24"]
[Round "3"]
[White "Chan Wei Yi,V"]
[Black "Hejazipour,M"]
[Result "0-1"]
[WhiteElo "1924"]
[BlackElo "2176"]

1.d4 Nf6 2.c4 e6 3.Nc3 Bb4 4.Qc2 O-O 5.a3 Bxc3+ 6.Qxc3 b6 7.Bg5 Bb7 8.e3 d6
9.f3 Nbd7 10.Bd3 Rc8 11.Ne2 c5 12.Qb3 cxd4 13.exd4 d5 14.cxd5 Bxd5 15.Qd1 Bc4
16.Bc2 Qc7 17.Rc1 Qb7 18.Qd2 Qa6 19.Nc3 h6 20.Bh4 Rc6 21.Kf2 Rfc8 22.Rhe1 Nd5
23.Bb1 Nf8 24.Bg3 Qa5 25.Be4 Nd7 26.Bh4 b5 27.Kg1 N7b6 28.Qf2 b4 29.axb4 Qxb4
30.Ra1 R6c7 31.Bg3 Rd7 32.Nxd5 Bxd5 33.Bd3 Bb3 34.Re4 f5 35.Re2 Rxd4 36.Ba6 Rcd8
37.Rae1 f4 38.Bh4 g5 39.Bb7 Qe7 40.Be4 gxh4 41.Bf5 R8d6 42.g3 hxg3 43.hxg3 Qg5
44.Bg4 Qg6 45.Kg2 h5 46.Bh3 h4 47.g4 Qf6 48.Kh2 Rd1 49.Bg2 Rxe1 50.Qxe1 Nc4
51.Qb4 Rb6 52.Qc5 e5 53.Qc8+ Kg7 54.Qd7+ Kh6 55.Qxa7 Ne3 56.Bh3 Bd5 57.Rf2 Rb7
58.Qc5 Rb6 59.Qc8 Kg5 60.Qe8 Bf7 61.Qf8 Nd1 62.Rd2 Rxb2 63.Rxb2 Nxb2 64.Bf1 Nc4
65.Bd3 Nd2 66.Be2 h3 67.Qb4 Nb3 68.Kxh3 Nd4 69.Bd1 Bd5 70.Kg2 Nxf3 71.Bxf3 Bxf3+
72.Kxf3 Qc6+ 73.Kf2 Qc2+ 74.Kf1 Qd1+ 75.Kf2 Qd4+ 76.Qxd4 exd4 77.Kf3 d3 78.Kf2 Kxg4
79.Ke1 f3 80.Kf1 d2 81.Kf2 Kf4 82.Kg1 Kg3 83.Kf1 d1=Q+  0-1

[Event "18th Donau Open"]
[Site "Aschach AUT"]
[Date "2009.12.28"]
[Round "4"]
[White "Handler,L"]
[Black "Juhasz,Kr"]
[Result "1/2-1/2"]
[WhiteElo "2158"]
[BlackElo "2232"]

1.d4 Nf6 2.c4 e6 3.Nc3 Bb4 4.Qc2 O-O 5.a3 Bxc3+ 6.Qxc3 d5 7.Bg5 dxc4 8.Qxc4 b6
9.Nf3 Ba6 10.Qc2 Nbd7 11.g3 Bb7 12.Bg2 Qc8 13.O-O Be4 14.Qd2 Qb7 15.Rac1 Nd5
16.Ne1 Bxg2 17.Nxg2 h6 18.Bf4 Rfe8 19.Rc2 c5  1/2-1/2

[Event "26th Open"]
[Site "Boeblingen GER"]
[Date "2009.12.29"]
[Round "7"]
[White "Tiemann,C"]
[Black "Koppenhoefer,B"]
[Result "1/2-1/2"]
[WhiteElo "2262"]
[BlackElo "2138"]

1.d4 Nf6 2.c4 e6 3.Nc3 Bb4 4.Qc2 O-O 5.a3 Bxc3+ 6.Qxc3 b6 7.g3 Bb7 8.Nf3 d5
9.Bg2 Nbd7 10.O-O c5 11.b4 cxd4 12.Qxd4 Rc8 13.cxd5 Bxd5 14.Bf4 Rc4 15.Qd3 Qa8
16.Rfc1 Rfc8 17.Rxc4 Bxc4 18.Qd2 Bd5 19.Rc1 Ne4 20.Rxc8+ Qxc8 21.Qc1 Nc3
22.Bf1 Qc4 23.e4 Qxe4 24.Qxc3 Qxf3 25.Qxf3 Bxf3 26.Bd6 Bc6 27.Ba6 f6 28.b5 Bd5
29.Bc8 Ne5 30.Bb8 Nc4 31.a4 Nb2 32.a5 bxa5 33.Bxa7 Nc4 34.Bc5 a4 35.b6 Na5
36.Bd7 Nb7 37.Bb4  1/2-1/2

[Event "26th Open"]
[Site "Travemuender GER"]
[Date "2009.12.29"]
[Round "6"]
[White "Figura,A"]
[Black "Stocek,J"]
[Result "0-1"]
[WhiteElo "2415"]
[BlackElo "2592"]

1.d4 Nf6 2.c4 e6 3.Nc3 Bb4 4.Qc2 O-O 5.a3 Bxc3+ 6.Qxc3 d6 7.Bg5 Re8 8.e3 e5
9.Nf3 h6 10.dxe5 dxe5 11.Rd1 Qe7 12.Bh4 Bf5 13.Be2 a5 14.b4 axb4 15.axb4 Nbd7
16.c5 Ne4 17.Qb3 Ng5 18.Nxg5 hxg5 19.Bg3 Be6 20.Bc4 Nf6 21.O-O b5 22.cxb6 cxb6
23.Bxe6 Qxe6 24.Qd3 Rac8 25.Qb5 Ne4 26.Ra1 Nc3 27.Qa6 Qd6 28.f3 Nd5 29.Rfd1 Qe6
30.e4 Nxb4 31.Qb5 Nc2 32.Ra6 Nd4 33.Qb4 Rc6 34.Bf2 Ne2+ 35.Kh1 b5 36.Ra5 Nc3
37.Rda1 Rc4 38.Qb3 Nxe4 39.Be1 Nd6 40.Qe3 g4 41.fxg4 Rxg4 42.Ra6 Qd5 43.Bg3 Nf5
44.Qf2 e4 45.Rf1 Nxg3+ 46.hxg3 e3 47.Qe2 Rxg3 48.Rb6 Rg5 49.Rb1 Rh5+ 50.Kg1 Qe5  0-1

[Event "18th Donau Open"]
[Site "Aschach AUT"]
[Date "2009.12.30"]
[Round "6"]
[White "Knoll,H"]
[Black "Jurek,J"]
[Result "0-1"]
[WhiteElo "2389"]
[BlackElo "2343"]

1.d4 e6 2.c4 Nf6 3.Nc3 Bb4 4.Qc2 O-O 5.a3 Bxc3+ 6.Qxc3 b5 7.cxb5 c6 8.bxc6 Nxc6
9.Bg5 h6 10.Bxf6 Qxf6 11.e3 Bb7 12.Nf3 Rac8 13.Rd1 Rfe8 14.Qb3 Na5 15.Qa4 Bxf3
16.gxf3 Qxf3 17.Rg1 Nc6 18.Rg3 Qh5 19.b4 Rc7 20.h3 f5 21.Be2 Qh4 22.Qb3 Ne7
23.Bf3 Rec8 24.Bg2 Rc3 25.Qa4 R8c7 26.Kf1 Rc2 27.d5 exd5 28.Kg1 Qc4 29.Bf1 Qc6
30.b5 Qf6 31.Bg2 Qe5 32.Qh4 Kh7 33.Rd4 R7c4 34.Bf1 Rc1 35.a4 R4c2 36.Qf4 Qxf4
37.exf4 Ra2 38.Re3 Ng6 39.Kg2 Rcc2 40.Bd3 Rxf2+ 41.Kg1 Nh4 42.Rxd5 Rg2+ 43.Kf1 Rh2
44.Be2 Ng2 45.Re7 Nxf4 46.Rdxd7 Rhxe2 47.Rxe2 Nxe2 48.Rxa7 Ng3+ 49.Ke1 f4
50.b6 Kg6 51.Ra8 Rb2 52.a5 Nf5 53.Rf8 f3  0-1

[Event "18th Donau Open"]
[Site "Aschach AUT"]
[Date "2009.12.31"]
[Round "7"]
[White "Neuman,P"]
[Black "Sakelsek,T"]
[Result "1-0"]
[WhiteElo "2439"]
[BlackElo "2400"]

1.d4 Nf6 2.c4 e6 3.Nc3 Bb4 4.Qc2 O-O 5.Nf3 d6 6.Bd2 Nc6 7.a3 Bxc3 8.Bxc3 Re8
9.Rd1 Qe7 10.b4 e5 11.d5 Nb8 12.e4 Bg4 13.Be2 Nbd7 14.h3 Bh5 15.O-O a5 16.g4 Bg6
17.Nd2 axb4 18.axb4 h5 19.f3 Nh7 20.Kg2 hxg4 21.hxg4 Ng5 22.Rh1 Nf8 23.Nf1 Bh7
24.Bd2 Ng6 25.Qc1 Ra2 26.Bxg5 Rxe2+ 27.Kg1 Nf4 28.Qxf4 exf4 29.Bxe7 Rxe7
30.Rd2 Rxd2 31.Nxd2 Re8 32.Kf2 Ra8 33.Rc1 Kf8 34.c5 Ke7 35.cxd6+ Kxd6 36.Nc4+ Ke7
37.Ne5 Ra2+ 38.Ke1 f6 39.Nd3  1-0

[Event "22nd Open"]
[Site "Staufer GER"]
[Date "2010.01.05"]
[Round "9"]
[White "Haag,U"]
[Black "Ruecker,Be"]
[Result "0-1"]
[WhiteElo "2134"]
[BlackElo "2283"]

1.d4 e6 2.c4 Nf6 3.Nc3 Bb4 4.Qc2 O-O 5.a3 Bxc3+ 6.Qxc3 b6 7.Bg5 Bb7 8.f3 h6
9.Bh4 d5 10.e3 Nbd7 11.Bd3 c5 12.cxd5 cxd4 13.exd4 Bxd5 14.Ne2 Rc8 15.Qd2 Bc4
16.O-O Bxd3 17.Qxd3 Qc7 18.Rac1 Qb7 19.Nc3 Qc6 20.Ne2 Qa4 21.Bg3 Nb8 22.Bxb8 Rxb8
23.Rc7 Nd5 24.Nc3 Qb3 25.Rxa7 Rbc8 26.Rc1 Qxb2  0-1

[Event "8th Parsvnath Open"]
[Site "New Delhi IND"]
[Date "2010.01.14"]
[Round "2"]
[White "Bhagwat,V"]
[Black "Lalith,B"]
[Result "0-1"]
[WhiteElo "2170"]
[BlackElo "2457"]

1.d4 Nf6 2.c4 e6 3.Nc3 Bb4 4.Qc2 O-O 5.e4 Bxc3+ 6.bxc3 d6 7.Bd3 e5 8.Ne2 h6
9.O-O Nc6 10.d5 Nb8 11.f3 Nbd7 12.Be3 b6 13.g4 Ba6 14.g5 hxg5 15.Bxg5 Qe8
16.Kh1 Nh7 17.Be3 Nc5 18.Rg1 Nxd3 19.Qxd3 Kh8 20.Ng3 Bc8 21.f4 Bg4 22.Raf1 f6
23.Bc1 Rd8 24.Rf2 Rg8 25.f5 g5 26.fxg6 Rxg6 27.Nf5 Bxf5 28.Rxf5 Rxg1+ 29.Kxg1 Qg6+
30.Kf2 Rg8 31.Qg3 Qg4 32.Qxg4 Rxg4 33.Ke3 Rh4 34.Rf2 Rh3+ 35.Ke2 Ng5 36.Kd2 Nf3+  0-1

[Event "2nd Chennai Open"]
[Site "Chennai IND"]
[Date "2010.01.25"]
[Round "1"]
[White "Md.Aminismail,K"]
[Black "Venkatesh,M"]
[Result "0-1"]
[WhiteElo "1838"]
[BlackElo "2432"]

1.d4 Nf6 2.c4 e6 3.Nc3 Bb4 4.Qc2 O-O 5.Nf3 d5 6.e3 b6 7.a3 Bxc3+ 8.bxc3 Ba6
9.Ne5 Nfd7 10.Nxd7 Nxd7 11.Bd3 Nf6 12.cxd5 Bxd3 13.Qxd3 Qxd5 14.f3 e5 15.c4 Qd6
16.d5 e4 17.Qd4 c5 18.Qb2 b5 19.Qxb5 Rab8 20.Qa5 Qe5 21.Ra2 Rb1 22.f4 Qb8
23.Qc3 Rb3 24.Qd2 Ng4 25.Qe2 Nxe3 26.Bxe3 Rb1+ 27.Kf2 Rxh1 28.Rb2 Qd6 29.Qh5 Qf6
30.Re2 Rb8 31.Rd2 Qa1 32.Re2 Rb3  0-1

[Event "2nd Chennai Open"]
[Site "Chennai IND"]
[Date "2010.01.26"]
[Round "3"]
[White "Turov,M"]
[Black "Udeshi,A"]
[Result "1-0"]
[WhiteElo "2584"]
[BlackElo "2327"]

1.d4 Nf6 2.c4 e6 3.Nc3 Bb4 4.Qc2 O-O 5.Bg5 c5 6.e3 h6 7.Bh4 Bxc3+ 8.Qxc3 g5
9.Bg3 Ne4 10.Qa3 cxd4 11.exd4 Nc6 12.Ne2 Qf6 13.Rd1 d5 14.c5 a5 15.f3 Nxg3
16.hxg3 b6 17.cxb6 Ba6 18.Qc5 Rfc8 19.Nc3 Nb4 20.Qxa5 Nc2+ 21.Kf2 Bb7 22.Qb5 Nxd4
23.Qd3 e5 24.Rd2 Qxb6 25.Qe3 Qf6 26.f4 Nf5 27.fxe5 Qe6 28.Qf3 d4 29.Ne4 Bxe4
30.Qxe4 Ra5 31.Bd3 Rxe5 32.Qg4 Qf6 33.Qf3 Qe6 34.Re2 Ne3 35.Ra1 Rb8 36.Kg1 g4
37.Qf4 Rd8 38.Rf2 Kg7 39.a4 h5 40.a5 Rh8 41.Qxd4 h4 42.Re2 f6 43.Rae1 hxg3
44.Rxe3 Reh5 45.Qa7+ Kf8 46.Qb8+ Kf7 47.Qxh8  1-0

[Event "2nd Chennai Open"]
[Site "Chennai IND"]
[Date "2010.01.30"]
[Round "7"]
[White "Bhagwat,V"]
[Black "Ghaem Maghami,E"]
[Result "0-1"]
[WhiteElo "2170"]
[BlackElo "2589"]

1.d4 Nf6 2.c4 e6 3.Nc3 Bb4 4.Qc2 O-O 5.e4 d6 6.e5 Nfd7 7.exd6 cxd6 8.Nf3 b6
9.Bd3 Nf6 10.Bg5 h6 11.h4 Bb7 12.Nd2 Nbd7 13.Kf1 Rc8 14.Rh3 d5 15.cxd5 Bxd5
16.Ba6 Rc6 17.Bb5 Rc7 18.Bf4 e5 19.Bxe5 Nxe5 20.dxe5 Ng4 21.Rd1 Qa8 22.Rg3 Bxc3
23.bxc3 Nxe5 24.Qf5 Rc5 25.Ba4 Ng6 26.Qg4 h5 27.Qd4 Rd8 28.Qe3 Nxh4 29.Bb3 Bxb3
30.axb3 Nf5  0-1

[Event "8th Gibtelecom Masters"]
[Site "Caleta ENG"]
[Date "2010.01.31"]
[Round "6"]
[White "Lasinskas,P"]
[Black "Hughes,Ro"]
[Result "1-0"]
[WhiteElo "2174"]
[BlackElo "1976"]

1.d4 Nf6 2.c4 e6 3.Nc3 Bb4 4.Qc2 O-O 5.Bg5 d5 6.e3 c6 7.Nf3 h6 8.Bh4 Nbd7
9.Bd3 Re8 10.O-O a6 11.Ne5 Be7 12.f4 Nf8 13.c5 N6d7 14.Bg3 f5 15.b4 Nxe5
16.fxe5 Bd7 17.a4 Nh7 18.b5 Qc7 19.Qe2 axb5 20.axb5 b6 21.cxb6 Qxb6 22.Na4 Rxa4
23.Rxa4 cxb5 24.Rb1 b4 25.Ra2 Ng5 26.Rab2 Ne4 27.Be1 Rb8 28.Bxe4 fxe4 29.Bxb4 Bxb4
30.Rxb4 Qxb4 31.Rxb4 Rxb4 32.Qa6 Rc4 33.Qa8+ Bc8 34.Qa7 Rc2 35.Qe7 Kh7 36.h4 Rc6
37.Qe8 Rc7 38.g4 g6 39.Qd8 Rc2 40.Qe7+ Kg8 41.Qf6  1-0

[Event "ch-UKR g18"]
[Site "Kyiv UKR"]
[Date "2010.02.01"]
[Round "9"]
[White "Petrova,I"]
[Black "Yashchenko,O"]
[Result "1-0"]
[WhiteElo "1987"]
[BlackElo "1645"]

1.d4 Nf6 2.c4 e6 3.Nc3 Bb4 4.Qc2 O-O 5.a3 Bxc3+ 6.Qxc3 d5 7.Bg5 dxc4 8.e3 b6
9.Bxc4 Bb7 10.f3 Nbd7 11.Ne2 Re8 12.O-O h6 13.Bh4 e5 14.Rad1 Qe7 15.e4 exd4
16.Nxd4 Ne5 17.Ba2 Nxe4 18.Qe1 Nf6 19.Qf2 Ng6 20.Rfe1 Qc5 21.Bxf6 Rxe1+ 22.Rxe1 gxf6
23.b4 Qg5 24.Qc2 c5 25.bxc5 bxc5 26.Qb3 Rf8 27.Ne6 fxe6 28.Qxb7 Nf4 29.Bxe6+ Nxe6
30.Rxe6 Qc1+ 31.Kf2 Qd2+ 32.Re2 Qd4+ 33.Kg3 Qd3 34.Re7 Qg6+ 35.Kf2 Qc2+ 36.Re2 Qa4
37.Qd5+ Kh8 38.Qxc5 Rd8 39.Re4 Qd1 40.Qxa7 Qd2+ 41.Re2 Qd6 42.g3 Rd7 43.Qa4 Qd5
44.Re8+ Kg7 45.Qg4+ Kh7 46.Qe4+ Qxe4 47.Rxe4 Rd2+ 48.Re2 Rd4 49.Re7+ Kg6
50.Ra7 Rd2+ 51.Kg1 Rd3 52.Kg2 h5 53.a4 Ra3 54.a5 Ra4 55.a6 Kh6 56.Ra8 Kg7
57.a7 Ra5 58.Kh3 Ra4 59.f4 Ra2 60.g4 hxg4+ 61.Kxg4 Ra4 62.Kf5 Ra6 63.h4 Kh7
64.h5 Kg7 65.h6+ Kh7 66.Ke4 Ra4+ 67.Kd5 Ra5+ 68.Ke6 Ra6+ 69.Kf7 Ra4 70.f5 Ra6
71.Ke7 Ra2 72.Kxf6 Ra1 73.Kf7 Ra2 74.f6 Ra3 75.Ke6 Ra6+ 76.Kd5  1-0

[Event "15th HIT Open A"]
[Site "Nova Gorica SLO"]
[Date "2010.02.02"]
[Round "4"]
[White "Debevec,B"]
[Black "Petrovic,Mark"]
[Result "1-0"]
[WhiteElo "2029"]
[BlackElo "2017"]

1.d4 e6 2.c4 Nf6 3.Nc3 Bb4 4.Qc2 O-O 5.a3 Bxc3+ 6.Qxc3 h6 7.Nf3 b6 8.g3 Bb7
9.Bg2 a5 10.O-O a4 11.Rd1 Be4 12.Ne1 Nc6 13.f3 Bh7 14.e4 Na5 15.Be3 Nb3 16.Ra2 d6
17.Nd3 Nd7 18.Nc1 Nxc1 19.Qxc1 c5 20.Qd2 Ra7 21.Raa1 Qe7 22.dxc5 dxc5 23.Qd6 Qf6
24.Qd2 Ne5 25.Qe2 Rd8 26.f4 Ng6 27.e5 Qe7 28.Bc6 Rxd1+ 29.Rxd1 Qc7 30.Rd7 Qb8
31.Qd2 Rxd7 32.Qxd7 Nf8 33.Qe8 Qxe8 34.Bxe8 Bc2 35.Kf2 Ng6 36.Bc6 Ne7 37.Bf3 Bb3
38.Be2 Nc6 39.Bd2 Bc2 40.Bc3 Kh7 41.Ke3 Kg6 42.Kd2 Be4 43.Bd1 Kf5 44.Ke3 Bg2
45.g4+ Kg6 46.Bc2+ f5 47.exf6 Kf7 48.fxg7 Ne7 49.Bd1 Bf1 50.Be2 Bg2 51.b4 Nc6
52.Bd3 Ne7 53.b5 Kg8 54.Bf6 Nc8 55.h4 Nd6 56.Be5 Ne8  1-0

[Event "ch-ROU w"]
[Site "Baile Olanesti ROU"]
[Date "2010.02.04"]
[Round "6"]
[White "Cusmuliuc,D"]
[Black "Gelip,I"]
[Result "0-1"]
[WhiteElo "1640"]
[BlackElo "1810"]

1.d4 Nf6 2.c4 e6 3.Nc3 Bb4 4.Qc2 O-O 5.Nf3 b6 6.Bg5 Bb7 7.e3 c5 8.Bd3 h6
9.Bh4 Bxf3 10.gxf3 cxd4 11.exd4 Nc6 12.Bh7+ Kh8 13.O-O-O g5 14.Bxg5 hxg5
15.Be4 Nxe4 16.Nxe4 d5 17.Nd2 Nxd4 18.Qd3 Qf6 19.Rhg1 Bxd2+ 20.Rxd2 Nxf3
21.Rg3 Nh4 22.Qe2 Rac8 23.Rc2 Qf4+ 24.Kb1 Rxc4 25.Rxc4 Qxc4 26.Qh5+ Kg7 27.Qxg5+ Ng6
28.Qe5+ Kg8 29.Rxg6+ fxg6 30.Qxe6+ Kg7 31.Qe7+ Rf7 32.Qe5+ Kh7  0-1

[Event "8th Gibtelecom Masters"]
[Site "Caleta ENG"]
[Date "2010.02.04"]
[Round "10"]
[White "Sarkar,J"]
[Black "Naumann,A"]
[Result "1/2-1/2"]
[WhiteElo "2378"]
[BlackElo "2258"]

1.d4 Nf6 2.c4 e6 3.Nc3 Bb4 4.Qc2 O-O 5.a3 Bxc3+ 6.Qxc3 d5 7.Bg5 dxc4 8.Qxc4 b6
9.Rd1 Ba6 10.Qc2 Nbd7 11.e4 Bxf1 12.Kxf1 Qc8 13.Ne2 Qb7 14.f3 Rac8 15.Nc3 c5
16.dxc5 Rxc5 17.Qd2 Rfc8 18.Kf2 b5 19.Bxf6 Nxf6 20.Qd8+ Ne8 21.Qa5 a6 22.Rhe1 R5c6
23.Re2 Qb8 24.e5 h6 25.Rd7 R8c7 26.Rxc7 Nxc7 27.Qb4 Qb6+ 28.Kf1 Nd5 29.Nxd5 exd5
30.Qd2 Rc4 31.g3 Rd4 32.Qc2 Rc4 33.Qd2 Qc5 34.Kg2 Rc1 35.Kh3 Qc4 36.e6 fxe6
37.Rxe6 Qc8 38.g4 Qxe6 39.Qxc1 d4 40.Kg3 d3 41.Qd2 Qd6+ 42.Kf2 Qd4+ 43.Kf1 a5
44.Qc3 Qd7 45.Kf2 Qa7+ 46.Kf1 Qd7 47.Kf2 Qa7+ 48.Kf1 Qd7  1/2-1/2

[Event "8th Gibtelecom Masters"]
[Site "Caleta ENG"]
[Date "2010.02.04"]
[Round "10"]
[White "Hagen,Ande"]
[Black "Winkler,St"]
[Result "1-0"]
[WhiteElo "2108"]
[BlackElo "1916"]

1.d4 Nf6 2.c4 e6 3.Nc3 Bb4 4.Qc2 O-O 5.a3 Bxc3+ 6.Qxc3 d5 7.Bg5 Nbd7 8.cxd5 exd5
9.e3 c6 10.Qc2 h6 11.Bh4 Re8 12.Bd3 Qb6 13.Ne2 Ne4 14.O-O Nf8 15.Nc3 Nxc3
16.bxc3 Ne6 17.f4 Nf8 18.f5 f6 19.e4 Nd7 20.Qa2 Ne5 21.Be2 Nf7 22.Bd3 Qd8
23.e5 Ng5 24.Bg3 Kf8 25.Rae1 b6 26.exf6 Qxf6 27.Be5 Qd8 28.f6 Kg8 29.Qc2 Be6
30.h4 Nf7 31.Bh7+  1-0

[Event "Georgi Tringov Mem"]
[Site "Plovdiv BUL"]
[Date "2010.02.05"]
[Round "8"]
[White "Miljkovic,Mir1"]
[Black "Kolev,At1"]
[Result "1/2-1/2"]
[WhiteElo "2477"]
[BlackElo "2571"]

1.d4 Nf6 2.c4 e6 3.Nc3 Bb4 4.Qc2 O-O 5.a3 Bxc3+ 6.Qxc3 b6 7.Bg5 Bb7 8.e3 d6
9.Ne2 Nbd7 10.Qc2 c5 11.Rd1 Qe7 12.Nc3 h6 13.Bh4 cxd4 14.Rxd4 Ne5 15.f3 Ng6
16.Bg3 Rfd8 17.Be2 Rac8 18.O-O d5 19.cxd5 Nxd5 20.Nxd5 Rxd5 21.Qd2 Rxd4 22.Qxd4 Qg5
23.Rd1  1/2-1/2

[Event "TCh-NED 2009-10"]
[Site "Netherlands NED"]
[Date "2010.02.13"]
[Round "5"]
[White "Cardon,H"]
[Black "Janssen,Ru"]
[Result "0-1"]
[WhiteElo "2381"]
[BlackElo "2520"]

1.d4 Nf6 2.c4 e6 3.Nc3 Bb4 4.Qc2 O-O 5.e4 c5 6.e5 cxd4 7.a3 dxc3 8.axb4 cxb2
9.Bxb2 Ne8 10.Bd3 h6 11.Nf3 Nc6 12.Ba3 b5 13.cxb5 Ne7 14.Qc5 Bb7 15.Bc1 f5
16.O-O Bxf3 17.gxf3 Nd5 18.Qd4 Nec7 19.Bd2 Nb6 20.Ra5 Ncd5 21.Rc1 Qe8 22.Qh4 Rf7
23.Kf1 Qf8 24.Qd4 g5 25.Ke2 Qg7 26.Qa1 Kh8 27.Rg1 Rff8 28.h4 g4 29.h5 Qf7
30.Rh1 gxf3+ 31.Kxf3 Rg8 32.Ke2 Qg7 33.Ke1 Qg4 34.Qd1 Qd4 35.Qe2 Nxb4 36.Bb1 Qb2
37.Qd1 Nc4 38.Ra4 Nxd2  0-1

[Event "Open"]
[Site "Novy Bor CZE"]
[Date "2010.02.13"]
[Round "1"]
[White "Loktiev,I"]
[Black "Voith,W"]
[Result "1-0"]
[WhiteElo "2243"]
[BlackElo "1851"]

1.d4 Nf6 2.c4 e6 3.Nc3 Bb4 4.Qc2 O-O 5.a3 Bxc3+ 6.Qxc3 Ne4 7.Qc2 f5 8.g3 d6
9.Bg2 Nf6 10.Nf3 Nc6 11.O-O e5 12.d5 Ne7 13.b4 c6 14.dxc6 Nxc6 15.Bb2 Qe7
16.Rac1 Bd7 17.c5 dxc5 18.Qxc5 Qxc5 19.Rxc5 Rae8 20.b5 Ne4 21.bxc6 Nxc5 22.cxd7 Nxd7
23.Rd1 Re7 24.Bc3 b6 25.Bb4 Nc5 26.Rd5 e4 27.Nd4 g6 28.Nb3 Rc7 29.Nxc5 bxc5
30.Bxc5 Rfc8 31.Be3 Rc2 32.Ra5 Rxe2 33.Rxa7 Rb8 34.Bf1 Rb1 35.Kg2 Rc2 36.a4 Rb3
37.Kh3 Rb8 38.a5 g5 39.a6 f4 40.gxf4 gxf4 41.Bxf4 Rxf2 42.Bc4+ Kf8 43.Bd6+ Ke8
44.Be6 Rf3+ 45.Kh4  1-0

[Event "FSIMA February"]
[Site "Budapest HUN"]
[Date "2010.02.14"]
[Round "9"]
[White "Szabo,Ben"]
[Black "Eperjesi,L"]
[Result "1-0"]
[WhiteElo "2261"]
[BlackElo "2240"]

1.d4 Nf6 2.c4 e6 3.Nc3 Bb4 4.Qc2 O-O 5.a3 Bxc3+ 6.Qxc3 d6 7.Bg5 Nbd7 8.e3 h6
9.Bh4 Qe8 10.Bd3 e5 11.Ne2 a5 12.O-O b6 13.f3 Bb7 14.e4 Nh5 15.Bf2 exd4 16.Bxd4 Ne5
17.Bb1 Nc6 18.Bf2 Qe5 19.Ba2 Nf4 20.Nxf4 Qxf4 21.Bg3 Qg5 22.Rae1 Kh8 23.f4 Qc5+
24.Bf2 Qh5 25.e5 Rad8 26.exd6 Rxd6 27.c5 Rg6 28.Bg3 f5 29.Bd5 Nd8 30.Bxb7 Nxb7
31.b4 axb4 32.axb4 bxc5 33.bxc5 Rc6 34.Bf2 Nd6 35.Bd4 Rf7 36.Qa1  1-0

[Event "TCh-FIN 2009-10"]
[Site "Finland FIN"]
[Date "2010.02.14"]
[Round "7"]
[White "Issakainen,A"]
[Black "Tolonen,L"]
[Result "1-0"]
[WhiteElo "2255"]
[BlackElo "2337"]

1.d4 Nf6 2.c4 e6 3.Nc3 Bb4 4.Qc2 O-O 5.e4 c5 6.e5 cxd4 7.a3 Bxc3+ 8.bxc3 Ne8
9.cxd4 d6 10.exd6 Nxd6 11.Nf3 Nc6 12.Bd3 Nf5 13.d5 Ncd4 14.Nxd4 Nxd4 15.Bxh7+ Kh8
16.Qd1 Qh4 17.Bb1 exd5 18.O-O Bf5 19.f4 Bxb1 20.Rxb1 Nf5 21.Rb3 Kg8 22.Qxd5 Qg4
23.Rxb7 Rad8 24.Qf3 Qxf3 25.Rxf3 Rd1+ 26.Rf1 Rfd8 27.Rb1 Rxf1+ 28.Kxf1 Rd1+
29.Ke2 Rh1 30.c5 Kf8 31.Rb8+ Ke7 32.Rb7+ Ke6 33.Bb2 Rxh2 34.Kf2 Rh4 35.Kf3 g6
36.Rxa7 Rh2 37.Be5 Ne7 38.Rc7 Rh1 39.Ke4 Re1+ 40.Kd3 f6 41.Bd6 Nf5 42.g4 Nxd6
43.Rc6 Rg1 44.Rxd6+ Ke7 45.Kc4 Rxg4 46.Rd4 Rg1 47.c6 g5 48.fxg5 fxg5 49.Kd5 g4
50.c7 g3 51.c8=Q  1-0